000 00396nam a2200145Ia 4500
008 220120s9999||||xx |||||||||||||| ||und||
020 _a9788120343269
082 _a511.6 ROS
100 _aRosen, Kenneth H
245 0 _aDsicrete Mathematics and Its applications
250 _a7th
260 _aTata mc graw hill ltd.
_bNew Delhi
_c2011
300 _axvii;489
_b425
650 _aCOMPUTER SCIENCE
999 _c132606
_d132606